000 01295nam a2200217Ia 4500
999 _c49584
_d49584
001 16516
003 GE_BSU
005 20250123103942.0
008 181216s1969||||ge |||||||||||||| ||geo||
040 _cGE_BSU
041 _ageo
080 _a821.353.1 + 821.353.1-32 + 821.353.1-31 ჯ-14
100 _aჯავახიშვილი, მ. (მიხეილ, 1880-1937)
_918780
245 _aთხზულებანი : 8 ტომად. ტ. 1 :
_bმოთხრობები ; ჯაყოს ხიზნები /
_cსარედ. კოლ. : გ. გვერდწითელი, გ. მერკვილაძე, ბ. ჟღენტი და სხვ. გამოსაც. მოამზადა და შენიშვნები დაურთო ა. მირიანაშვილმა ; რედ. და ნარკვევის "მიხეილ ჯავახიშვილი" ავტ. : გ. გვერდწითელი.
264 _aთბილისი :
_bსაბჭ. საქართველო,
_c1969.
300 _a410 გვ. :
_b1 ფ. პორტრ. ;
_c22 სმ.
541 _h12ლ.
653 _aთხზულებანი
653 _aჯაყოს ხიზნები
942 _cBK
_2udc